Những quy định về chính sách dân tộc
Kaydedildi:
| Yazar: | |
|---|---|
| Materyal Türü: | Kitap |
| Dil: | Undetermined |
| Baskı/Yayın Bilgisi: |
Hà Nội
Lao Động
2001
|
| Konular: | |
| Etiketler: |
Etiketle
Etiket eklenmemiş, İlk siz ekleyin!
|
| Thư viện lưu trữ: | Trung tâm Học liệu Trường Đại học Cần Thơ |
|---|
| LEADER | 00493nam a2200169Ia 4500 | ||
|---|---|---|---|
| 001 | CTU_45642 | ||
| 008 | 210402s9999 xx 000 0 und d | ||
| 082 | |a 353.5339 | ||
| 082 | |b S464 | ||
| 100 | |a Lê Hải Anh | ||
| 245 | 0 | |a Những quy định về chính sách dân tộc | |
| 245 | 0 | |c Trần Sơn Nam, Lê Hải Anh | |
| 260 | |a Hà Nội | ||
| 260 | |b Lao Động | ||
| 260 | |c 2001 | ||
| 650 | |a minorities | ||
| 980 | |a Trung tâm Học liệu Trường Đại học Cần Thơ | ||